Tuyển tập Tự lực văn đoàn T.3 / Thế Lữ, Xuân Diệu, Thạch Lam, Tú Mỡ Mấy vần thơ...
Nội dung: Mấy vần thơ; Thơ thơ - Gửi hương cho gió; Truyện ngắn chọn lọc; Giòng nước ngược
Gorde:
| Beste egile batzuk: | , , , |
|---|---|
| Formatua: | Liburua |
| Hizkuntza: | Vietnamese |
| Argitaratua: |
H.
Hội Nhà Văn
1999
|
| Gaiak: | |
| Etiketak: |
Etiketa erantsi
Etiketarik gabe, Izan zaitez lehena erregistro honi etiketa jartzen!
|
| Thư viện lưu trữ: | Mạng thư viện Đại học Đà Nẵng |
|---|
| LEADER | 01548nam a2200421 4500 | ||
|---|---|---|---|
| 001 | 000005511 | ||
| 003 | 1656 | ||
| 005 | 20120510140525.0 | ||
| 008 | 110817s1999 viesd | ||
| 020 | |c 52000 | ||
| 041 | 0 | |a vie | |
| 082 | |a 895.922 |b TUY | ||
| 245 | 1 | 0 | |a Tuyển tập Tự lực văn đoàn |n T.3 / Thế Lữ, Xuân Diệu, Thạch Lam, Tú Mỡ |p Mấy vần thơ... |
| 260 | |a H. |b Hội Nhà Văn |c 1999 | ||
| 300 | |a 603 tr |c 19 cm | ||
| 504 | |a T.3 / Thế Lữ, Xuân Diệu, Thạch Lam, Tú Mỡ | ||
| 520 | |a Nội dung: Mấy vần thơ; Thơ thơ - Gửi hương cho gió; Truyện ngắn chọn lọc; Giòng nước ngược | ||
| 653 | |a Văn học hiện đại | ||
| 653 | |a Tuyển tập | ||
| 653 | |a Tiểu thuyết | ||
| 653 | |a Việt Nam | ||
| 653 | |a Tự lực văn đoàn | ||
| 700 | |a Thế Lữ |e Tác giả | ||
| 700 | |a Xuân Diệu |e Tác giả | ||
| 700 | |a Thạch Lam |e Tác giả | ||
| 700 | |a Tú Mỡ |e Tác giả | ||
| 773 | |t Tuyển tập Tự lực văn đoàn |w 1652 | ||
| 910 | |a Nguyễn Thị Kim Oanh |d 17/08/2011 | ||
| OWN | |a LSP | ||
| AVA | |a UDN50 |b LSP |d 895.922 TUY |e available |t Error 5001 Not defined in file expand_doc_bib_avail. |f 3 |g 0 |h N |i 0 |k 1 | ||
| 999 | |a From the UDN01 | ||
| AVA | |a UDN50 |b LSP |d 895.922 TUY |e available |t Error 5001 Not defined in file expand_doc_bib_avail. |f 3 |g 0 |h N |i 0 |k 1 | ||
| TYP | |a Monograph | ||
| TYP | |a Printed language | ||
| 980 | |a Mạng thư viện Đại học Đà Nẵng | ||